000 00831cab a2200289 4500
001 X1958
008 090401t1995 xxu||||| |||| 00| 0 eng d
035 _a(Sirsi) u20618
041 _aeng
245 _aEnvironmental legislation introduced in Lords
260 _c1995
350 _a0
490 _aCSM (Chartered Surveyor Monthly)
_v4(4) February 1995
650 _aABANDONED MINES
650 _aCONTAMINATED LAND
650 _aENVIRONMENT BILL
650 _aENVIRONMENTAL PROTECTION AGENCY
650 _aHER MAJESTYS INSPECORATE OF POLLUTION
650 _aMINERALS
650 _aNATIONAL PARK AUTHORITIES
650 _aNATIONAL RIVERS AUTHORITY
650 _aWASTE MANAGEMENT
650 _aWASTE REGULATION AUTHORITIES
690 _aENVIRONMENTAL AND LAND CONSULTANCY
942 _n0
948 _c04/03/1997
999 _c13811
_d13811